| 000 | 02122cam a22002894a 4500 | ||
|---|---|---|---|
| 001 | 12683 | ||
| 003 | BDJhCC | ||
| 005 | 20230506100952.0 | ||
| 008 | 230506s2010 nyua b 001 0 eng | ||
| 010 | _a 2010005727 | ||
| 020 | _a9780061628665 | ||
| 040 |
_aDLC _cDLC _dDLC _dBDJhCC |
||
| 050 | 0 | 0 |
_aD843 _b.D2 2010 |
| 082 | 0 | 0 |
_a909.82/4 _222 _bDAL 2010 |
| 100 | 1 | _aDallek, Robert. | |
| 245 | 1 | 4 |
_aThe lost peace : _bleadership in a time of horror and hope, 1945-1953 / _cRobert Dallek. |
| 250 | _a1st ed. | ||
| 260 |
_aNew York : _bHarper, _cc2010. |
||
| 300 |
_axi, 420 p., [16] p. of plates : _bill. ; _c24 cm. |
||
| 504 | _aIncludes bibliographical references (p. [395]-400) and index. | ||
| 505 | 0 | _aLondon, Moscow , and Washington: friends in need -- From Tehran to Roosevelt's death -- Collapse and renewal -- Hope and despair -- Irrepressible conflicts? -- The triumph of fear -- Cold war illusions-and realities -- War by other means -- The military solution -- Limited war -- Elusive peace. | |
| 520 | _aIn a reinterpretation of the postwar years, historian Robert Dallek examines what drove the leaders of the most powerful nations around the globe--Roosevelt, Churchill, Stalin, Mao, de Gaulle, and Truman--to rely on traditional power politics despite the catastrophic violence their nations had endured. The decisions of these men, for better and often for worse, had profound consequences for decades to come, influencing relations and conflicts with China, Korea, the Middle East, and around the globe. This book is a penetrating look at the misjudgments that caused enormous strife and suffering during this critical period, from the closing months of World War II through the early years of the Cold War. The men who led the world at this time executed astonishingly unwise actions that propelled the nuclear arms race and extended the Cold War. Dallek has written a cautionary tale that considers what might have been done differently.--From publisher description. | ||
| 650 | 0 |
_aWorld politics _y1945-1955. |
|
| 650 | 0 |
_aWorld War, 1939-1945 _xPeace. |
|
| 650 | 0 | _aCold War. | |
| 942 |
_2ddc _cBK |
||
| 999 |
_c12683 _d12683 |
||